The Brain and Mathematics 1: (Record no. 109321)
[ view plain ]
| 000 -LEADER | |
|---|---|
| fixed length control field | 00346nam a2200121 a 4500 |
| 005 - DATE AND TIME OF LATEST TRANSACTION | |
| control field | 20140414093841.0 |
| 008 - FIXED-LENGTH DATA ELEMENTS--GENERAL INFORMATION | |
| fixed length control field | 090511s19uu xx 00 eng d |
| 050 ## - LIBRARY OF CONGRESS CALL NUMBER | |
| Classification number | VHS 375 |
| Item number | BRA 2001 |
| 245 ## - TITLE STATEMENT | |
| Title | The Brain and Mathematics 1: |
| Remainder of title | Making number sense. |
| 650 ## - SUBJECT ADDED ENTRY--TOPICAL TERM | |
| Topical term or geographic name as entry element | Curriculum |
| General subdivision | United States |
| -- | Study and teaching. |
| 942 ## - ADDED ENTRY ELEMENTS (KOHA) | |
| Koha item type | Audio Visual Materials |
| Withdrawn status | Lost status | Source of classification or shelving scheme | Damaged status | Home library | Current library | Shelving location | Date acquired | Source of acquisition | Total Checkouts | Full call number | Barcode | Date last seen | Price effective from | Koha item type |
|---|---|---|---|---|---|---|---|---|---|---|---|---|---|---|
| Library of Congress Classification | Luxembourg Library | Luxembourg Library | Genevive Ledesma - Tan Section | 05/11/2009 | Donation | VHS 375 BRA 2001 | AV0958 | 04/14/2014 | 04/14/2014 | Audio Visual Materials |